000 00293nam a22001337a 4500
020 _a978-3540416463
041 _aENG
100 _aOrtigao.J.A.R
245 _aHandbook Of Siope Stabilisation
260 _aDelhi
_bSpringer
_c1954
300 _a478
650 _aSWCE
856 _uSWCE ( 06 )
999 _c1925
_d1925